[Event "Regionalliga Nord-Ost 1718"]
[Site "Bayern"]
[Date "2017.11.26"]
[Round "3.8"]
[White "Luther, Helmut"]
[Black "Schwarm, Werner"]
[Result "1-0"]
[WhiteElo "1959"]
[BlackElo "1710"]
[PlyCount "67"]
[EventDate "2017.10.22"]
[EventType "team-tourn"]
[EventRounds "9"]
[EventCountry "GER"]
[SourceTitle "EXT 2022"]
[Source "ChessBase"]
[SourceDate "2021.10.06"]
[SourceVersion "1"]
[SourceVersionDate "2021.10.06"]
[SourceQuality "1"]
[WhiteTeam "Nuernberg Sued SW II"]
[BlackTeam "Altensittenbach"]
[WhiteTeamCountry "GER"]
[BlackTeamCountry "GER"]

1. d4 d5 2. Nf3 Nf6 3. g3 c6 4. Bg2 Bf5 5. 0-0 Na6 6. a3 e6 7. c4 Ne4 8. Nh4 dxc4 9. Nxf5 exf5 10. e3 g6 11. Qc2 Nd6 12. Nd2 Nc7 13. Nxc4 Nxc4 14. Qxc4 Bg7 15. b4 0-0 16. Bb2 Qe7 17. a4 a6 18. Ba3 Rfc8 19. Rfc1 Bf8 20. Qb3 Qe6 21. Qb2 Nd5 22. b5 axb5 23. Bxf8 Rxf8 24. axb5 Ne7 25. bxc6 bxc6 26. Qb7 Rab8 27. Qa6 Rbc8 28. Rc5 Rc7 29. Rac1 Rfc8 30. d5 Qd6 31. dxc6 Rb8 32. Qa1 Rb6 33. Qd4 Nc8 34. Rd5 1-0

[Event "Regionalliga NO 1516"]
[Site "Bayern"]
[Date "2016.02.21"]
[Round "7.8"]
[White "Schwarm, Werner"]
[Black "Stoeckl, Maximilian"]
[Result "1/2-1/2"]
[WhiteElo "1747"]
[BlackElo "1581"]
[PlyCount "41"]
[EventDate "2015.10.11"]
[EventType "team-tourn"]
[EventRounds "9"]
[EventCountry "GER"]
[SourceTitle "EXT 2018"]
[Source "ChessBase"]
[SourceDate "2017.10.13"]
[SourceVersion "1"]
[SourceVersionDate "2017.10.13"]
[SourceQuality "1"]
[WhiteTeam "Altensittenbach"]
[BlackTeam "Schwandorf"]
[WhiteTeamCountry "GER"]
[BlackTeamCountry "GER"]

1. e4 e6 2. d4 d5 3. Nc3 Nf6 4. Bg5 dxe4 5. Nxe4 Be7 6. Nxf6+ Bxf6 7. Bxf6 Qxf6 8. Nf3 0-0 9. Bd3 c5 10. c3 cxd4 11. Nxd4 e5 12. Nb5 Qc6 13. Qc2 f5 14. f3 a6 15. Na3 Be6 16. Qe2 Nd7 17. Bc4 Rae8 18. Bxe6+ Rxe6 19. Qc4 Qxc4 20. Nxc4 b5 21. 0-0-0 1/2-1/2

[Event "Regionalliga NO 1516"]
[Site "Bayern"]
[Date "2015.10.11"]
[Round "1.8"]
[White "Schwarm, Werner"]
[Black "Simmerl, Stefan"]
[Result "1/2-1/2"]
[WhiteElo "1747"]
[BlackElo "1833"]
[PlyCount "28"]
[EventDate "2015.10.11"]
[EventType "team-tourn"]
[EventRounds "9"]
[EventCountry "GER"]
[SourceTitle "EXT 2018"]
[Source "ChessBase"]
[SourceDate "2017.10.13"]
[SourceVersion "1"]
[SourceVersionDate "2017.10.13"]
[SourceQuality "1"]
[WhiteTeam "Altensittenbach"]
[BlackTeam "Windischeschenbach"]
[WhiteTeamCountry "GER"]
[BlackTeamCountry "GER"]

1. e4 e6 2. d4 d5 3. exd5 exd5 4. Bf4 Nf6 5. Bd3 Bd6 6. Bxd6 Qxd6 7. c3 0-0 8. Ne2 Nc6 9. Qd2 Re8 10. 0-0 Ne7 11. Na3 c6 12. Qf4 Qxf4 13. Nxf4 Bf5 14. Bxf5 Nxf5 1/2-1/2

[Event "Regionalliga NO 1415"]
[Site "Bayern"]
[Date "2014.12.07"]
[Round "4.7"]
[White "Schwarm, Werner"]
[Black "Hein, Manfred"]
[Result "1/2-1/2"]
[WhiteElo "1747"]
[BlackElo "1818"]
[PlyCount "93"]
[EventDate "2014.10.19"]
[EventType "team-tourn"]
[EventRounds "9"]
[EventCountry "GER"]
[SourceTitle "EXT 2018"]
[Source "ChessBase"]
[SourceDate "2017.10.13"]
[SourceVersion "1"]
[SourceVersionDate "2017.10.13"]
[SourceQuality "1"]
[WhiteTeam "Altensittenbach"]
[BlackTeam "Gunzenhausen"]
[WhiteTeamCountry "GER"]
[BlackTeamCountry "GER"]

1. e4 e5 2. Nf3 Nc6 3. Bc4 Be7 4. d4 d6 5. dxe5 Nxe5 6. Nxe5 dxe5 7. Qxd8+ Bxd8 8. Nd2 Bf6 9. 0-0 Ne7 10. Nb3 0-0 11. Be3 b6 12. Rfd1 Bb7 13. f3 Rad8 14. Rxd8 Rxd8 15. Be2 c5 16. a4 a5 17. c3 Nc6 18. Rd1 Rxd1+ 19. Bxd1 Ba6 20. Kf2 Bd8 21. Nd2 Kf8 22. Be2 Bc8 23. Bb5 Na7 24. Bc4 Bd7 25. Bb3 Ke7 26. Nc4 f6 27. Nxa5 Nc8 28. Nc4 Nd6 29. Nxd6 Kxd6 30. Bc2 Be7 31. Ke2 Kc7 32. b3 Be6 33. Bd2 Kc6 34. Kd1 Bd6 35. Kc1 b5 36. Kb2 bxa4 37. bxa4 Bc4 38. Bb3 Bf1 39. g3 c4 40. Bd1 Bc5 41. Be1 Be3 42. h4 g5 43. hxg5 fxg5 44. g4 Kb6 45. Bg3 Bf4 46. Bxf4 gxf4 47. Kc1 1/2-1/2

[Event "Regionalliga NO 1213"]
[Site "Bayern"]
[Date "2013.04.14"]
[Round "9.6"]
[White "Dotzauer, Ernst"]
[Black "Schwarm, Werner"]
[Result "1/2-1/2"]
[WhiteElo "1816"]
[BlackElo "1821"]
[PlyCount "38"]
[EventDate "2012.10.14"]
[EventType "team-tourn"]
[EventRounds "9"]
[EventCountry "GER"]
[SourceTitle "EXT 2015"]
[Source "ChessBase"]
[SourceDate "2014.11.20"]
[SourceVersion "1"]
[SourceVersionDate "2014.11.20"]
[SourceQuality "1"]
[WhiteTeam "Schwandorf"]
[BlackTeam "Altensittenbach"]
[WhiteTeamCountry "GER"]
[BlackTeamCountry "GER"]

1. e4 d5 2. exd5 Qxd5 3. Nc3 Qa5 4. d4 c6 5. Nf3 Bg4 6. Be2 Nf6 7. 0-0 e6 8. Bd2 Qd8 9. Bf4 Bxf3 10. Bxf3 Bd6 11. Bxd6 Qxd6 12. Ne4 Nxe4 13. Bxe4 Nd7 14. c3 Nf6 15. Bc2 Qf4 16. Qd3 Ng4 17. Qg3 Qxg3 18. hxg3 0-0-0 19. Rfe1 Nf6 1/2-1/2

[Event "Regionalliga NO 1213"]
[Site "Bayern"]
[Date "2012.10.14"]
[Round "1.8"]
[White "Schwarm, Werner"]
[Black "Wagner, Robert"]
[Result "1/2-1/2"]
[WhiteElo "1821"]
[BlackElo "1750"]
[PlyCount "40"]
[EventDate "2012.10.14"]
[EventType "team-tourn"]
[EventRounds "9"]
[EventCountry "GER"]
[SourceTitle "EXT 2015"]
[Source "ChessBase"]
[SourceDate "2014.11.20"]
[SourceVersion "1"]
[SourceVersionDate "2014.11.20"]
[SourceQuality "1"]
[WhiteTeam "Altensittenbach"]
[BlackTeam "Forchheim II"]
[WhiteTeamCountry "GER"]
[BlackTeamCountry "GER"]

1. e4 c5 2. Nc3 d6 3. d3 Nc6 4. g3 g6 5. Bg2 Bg7 6. Be3 e6 7. Nge2 Nge7 8. Qd2 0-0 9. d4 d5 10. exd5 exd5 11. Rd1 c4 12. Bh6 Bxh6 13. Qxh6 Be6 14. Qd2 Qa5 15. 0-0 Rad8 16. Rfe1 Nf5 17. a3 Rfe8 18. Na2 Qb6 19. Nb4 Nxb4 20. Qxb4 Qxb4 1/2-1/2

[Event "Mittelfranken-chTB1 0910"]
[Site "Mittelfranken"]
[Date "2010.02.21"]
[Round "7.8"]
[White "Schwarm, Werner"]
[Black "Frisch, Helmut"]
[Result "1/2-1/2"]
[WhiteElo "1821"]
[BlackElo "1488"]
[PlyCount "43"]
[EventDate "2009.10.11"]
[EventType "team-tourn"]
[EventRounds "9"]
[EventCountry "GER"]
[SourceTitle "EXT 2011"]
[Source "ChessBase"]
[SourceDate "2010.11.26"]
[SourceVersion "1"]
[SourceVersionDate "2010.11.26"]
[SourceQuality "1"]
[WhiteTeam "Altensittenbach"]
[BlackTeam "Muehlhof/Mfr"]
[WhiteTeamCountry "GER"]
[BlackTeamCountry "GER"]

1. e4 d5 2. exd5 Qxd5 3. Nc3 Qa5 4. d4 Nf6 5. Nf3 c6 6. Bd3 Bg4 7. h3 Bh5 8. 0-0 e6 9. Ne4 Nxe4 10. Bxe4 Nd7 11. Bf4 Nf6 12. Bd3 Be7 13. c3 Qd5 14. Be2 h6 15. Qb3 Qxb3 16. axb3 Nd5 17. Bh2 Bxf3 18. Bxf3 Kd7 19. Rfe1 Bd6 20. Bxd6 Kxd6 21. Bxd5 cxd5 22. f4 1/2-1/2

[Event "Mittelfrankenliga-B2a 0607"]
[Site "Mittelfranken"]
[Date "2006.10.22"]
[Round "1.7"]
[White "Freydman, Semen"]
[Black "Schwarm, Werner"]
[Result "1/2-1/2"]
[WhiteElo "1686"]
[BlackElo "1811"]
[PlyCount "30"]
[EventDate "2006.10.22"]
[EventType "team-tourn"]
[EventRounds "9"]
[EventCountry "GER"]
[SourceTitle "EXT 2011"]
[Source "ChessBase"]
[SourceDate "2010.11.26"]
[SourceVersion "1"]
[SourceVersionDate "2010.11.26"]
[SourceQuality "1"]
[WhiteTeam "Erlangen Siemens"]
[BlackTeam "Altensittenbach II"]
[WhiteTeamCountry "GER"]
[BlackTeamCountry "GER"]

1. d4 d5 2. c4 c6 3. e3 Nf6 4. Nf3 Bg4 5. Nc3 e6 6. Be2 Bd6 7. c5 Bc7 8. 0-0 Nbd7 9. b4 0-0 10. a4 Re8 11. Bb2 e5 12. Nxe5 Bxe2 13. Nxe2 Nxe5 14. dxe5 Bxe5 15. Bxe5 Rxe5 1/2-1/2

[Event "Regionalliga NO 9899"]
[Site "Bayern"]
[Date "1999.??.??"]
[Round "9.5"]
[White "Pannek, Matthias"]
[Black "Schwarm, Werner"]
[Result "1/2-1/2"]
[WhiteElo "1955"]
[BlackElo "1925"]
[PlyCount "58"]
[EventDate "1998.??.??"]
[EventType "team-tourn"]
[EventRounds "9"]
[EventCountry "GER"]
[SourceTitle "EXT 2020"]
[Source "ChessBase"]
[SourceDate "2019.10.17"]
[SourceVersion "1"]
[SourceVersionDate "2019.10.17"]
[SourceQuality "1"]
[WhiteTeam "Nuernberg Grundig SC"]
[BlackTeam "Altensittenbach"]
[WhiteTeamCountry "GER"]
[BlackTeamCountry "GER"]

1. Nc3 Nc6 2. e4 Nf6 3. f4 d6 4. d4 e5 5. d5 Ne7 6. Nf3 exf4 7. Bxf4 Ng6 8. Qd2 Nd7 9. 0-0-0 Nde5 10. Bxe5 Nxe5 11. Nxe5 dxe5 12. Bb5+ Bd7 13. Bxd7+ Qxd7 14. Qg5 f6 15. Qh5+ Qf7 16. Qxf7+ Kxf7 17. g4 Bc5 18. Rd3 h5 19. Na4 Bd6 20. g5 fxg5 21. Rg1 g4 22. c4 b6 23. c5 bxc5 24. Rc3 Rab8 25. Nxc5 Bxc5 26. Rxc5 Rb7 27. Rf1+ Ke7 28. Rc6 Rh6 29. Rxh6 gxh6 1/2-1/2

[Event "Regionalliga NO 9899"]
[Site "Bayern"]
[Date "1999.??.??"]
[Round "7.5"]
[White "Schatz, Werner"]
[Black "Schwarm, Werner"]
[Result "1/2-1/2"]
[WhiteElo "1947"]
[BlackElo "1925"]
[PlyCount "38"]
[EventDate "1998.??.??"]
[EventType "team-tourn"]
[EventRounds "9"]
[EventCountry "GER"]
[SourceTitle "EXT 2020"]
[Source "ChessBase"]
[SourceDate "2019.10.17"]
[SourceVersion "1"]
[SourceVersionDate "2019.10.17"]
[SourceQuality "1"]
[WhiteTeam "Gunzenhausen"]
[BlackTeam "Altensittenbach"]
[WhiteTeamCountry "GER"]
[BlackTeamCountry "GER"]

1. d4 Nc6 2. d5 Ne5 3. e4 d6 4. f4 Ng6 5. Nf3 Nf6 6. Bd3 c6 7. f5 Ne5 8. Nxe5 dxe5 9. c4 Bd7 10. Nc3 g6 11. g4 gxf5 12. gxf5 Rg8 13. Qe2 e6 14. fxe6 fxe6 15. dxc6 Bxc6 16. Be3 Ng4 17. 0-0-0 Nxe3 18. Qxe3 Qg5 19. Qxg5 Rxg5 1/2-1/2

[Event "Regionalliga NO 9899"]
[Site "Bayern"]
[Date "1999.??.??"]
[Round "8.5"]
[White "Schwarm, Werner"]
[Black "Schmid, Siegfried"]
[Result "0-1"]
[WhiteElo "1925"]
[BlackElo "2160"]
[PlyCount "70"]
[EventDate "1998.??.??"]
[EventType "team-tourn"]
[EventRounds "9"]
[EventCountry "GER"]
[SourceTitle "EXT 2020"]
[Source "ChessBase"]
[SourceDate "2019.10.17"]
[SourceVersion "1"]
[SourceVersionDate "2019.10.17"]
[SourceQuality "1"]
[WhiteTeam "Altensittenbach"]
[BlackTeam "Postbauer"]
[WhiteTeamCountry "GER"]
[BlackTeamCountry "GER"]

1. e4 c5 2. Nc3 Nc6 3. g3 g6 4. Bg2 Bg7 5. d3 d6 6. Be3 e5 7. Qd2 Nd4 8. Nd5 Be6 9. c3 Bxd5 10. cxd4 cxd4 11. Bxd4 Be6 12. Be3 Ne7 13. d4 exd4 14. Bxd4 Bxd4 15. Qxd4 Qa5+ 16. b4 Qe5 17. Nf3 Nc6 18. Qxe5 Nxe5 19. Nxe5 dxe5 20. a3 Ke7 21. Rc1 Rac8 22. Rxc8 Rxc8 23. Kd2 Rd8+ 24. Kc3 Rd4 25. Bf3 Rc4+ 26. Kb2 a5 27. Rc1 axb4 28. a4 Rxc1 29. Kxc1 Kd6 30. Kb2 Kc5 31. Bd1 Kd4 32. Bc2 Bc4 33. f4 f6 34. fxe5 fxe5 35. a5 Bd3 0-1

[Event "Regionalliga NO 9798"]
[Site "Bayern"]
[Date "1998.??.??"]
[Round "?.7"]
[White "Franz, Gerhard"]
[Black "Schwarm, Werner"]
[Result "1/2-1/2"]
[WhiteElo "2022"]
[BlackElo "1920"]
[PlyCount "42"]
[EventDate "1997.10.??"]
[EventType "team-tourn"]
[EventRounds "9"]
[EventCountry "GER"]
[SourceTitle "EXT 2020"]
[Source "ChessBase"]
[SourceDate "2019.10.17"]
[SourceVersion "1"]
[SourceVersionDate "2019.10.17"]
[SourceQuality "1"]
[WhiteTeam "Amberg SG Siemens"]
[BlackTeam "Altensittenbach"]
[WhiteTeamCountry "GER"]
[BlackTeamCountry "GER"]

1. d4 d5 2. c4 c6 3. Nc3 Nf6 4. Nf3 dxc4 5. a4 Bg4 6. e3 e6 7. Bxc4 Bb4 8. 0-0 Nd5 9. Na2 Ba5 10. Be2 0-0 11. e4 Nb4 12. Nc3 Bb6 13. Be3 a5 14. Qd2 N8a6 15. Rfd1 Qe7 16. Rac1 Rad8 17. Ne5 Bxe2 18. Qxe2 c5 19. dxc5 Bxc5 20. Nc4 Bxe3 21. Qxe3 Rxd1+ 1/2-1/2

[Event "Regionalliga NO 9899"]
[Site "Bayern"]
[Date "1998.??.??"]
[Round "?.5"]
[White "Soergel, Frank"]
[Black "Schwarm, Werner"]
[Result "1-0"]
[WhiteElo "2010"]
[BlackElo "1925"]
[PlyCount "77"]
[EventDate "1998.??.??"]
[EventType "team-tourn"]
[EventRounds "9"]
[EventCountry "GER"]
[SourceTitle "EXT 2020"]
[Source "ChessBase"]
[SourceDate "2019.10.17"]
[SourceVersion "1"]
[SourceVersionDate "2019.10.17"]
[SourceQuality "1"]
[WhiteTeam "Schwabach"]
[BlackTeam "Altensittenbach"]
[WhiteTeamCountry "GER"]
[BlackTeamCountry "GER"]

1. e4 Nc6 2. Nf3 Nf6 3. e5 Ng4 4. d4 d6 5. h3 Nh6 6. exd6 Qxd6 7. d5 Ne5 8. Nc3 a6 9. Bxh6 gxh6 10. Nxe5 Qxe5+ 11. Qe2 Bg7 12. 0-0-0 Qxe2 13. Nxe2 b5 14. g3 Bb7 15. Bg2 Rd8 16. Rhe1 0-0 17. Nf4 Rfe8 18. Re2 Kf8 19. d6 Rxd6 20. Rxd6 Bxg2 21. Rd7 Bf3 22. Re3 Ba8 23. Rxc7 Bd4 24. Re2 Bf3 25. Rd2 e5 26. Nd3 e4 27. Ne1 e3 28. fxe3 Bb6 29. Rc3 Bb7 30. Rd7 b4 31. Rcd3 Bc6 32. c4 bxc3 33. Rxc3 Bb5 34. Nd3 Ba5 35. Ra3 Bb4 36. Nxb4 Be2 37. Nxa6 Bf1 38. Nc7 Re5 39. Rc3 1-0

[Event "Regionalliga NO 9798"]
[Site "Bayern"]
[Date "1997.??.??"]
[Round "?.7"]
[White "Schwarm, Werner"]
[Black "Muehlbauer, Peter"]
[Result "1/2-1/2"]
[WhiteElo "1920"]
[BlackElo "1970"]
[PlyCount "29"]
[EventDate "1997.10.??"]
[EventType "team-tourn"]
[EventRounds "9"]
[EventCountry "GER"]
[SourceTitle "EXT 2020"]
[Source "ChessBase"]
[SourceDate "2019.10.17"]
[SourceVersion "1"]
[SourceVersionDate "2019.10.17"]
[SourceQuality "1"]
[WhiteTeam "Altensittenbach"]
[BlackTeam "Furth im Wald"]
[WhiteTeamCountry "GER"]
[BlackTeamCountry "GER"]

1. e4 c5 2. Nc3 e6 3. Nge2 Nc6 4. g3 Nf6 5. Bg2 a6 6. a4 Qc7 7. d3 Rb8 8. Bf4 d6 9. Qd2 b5 10. axb5 axb5 11. Nd1 Nd4 12. Nxd4 cxd4 13. c3 e5 14. Bg5 Nd7 15. Qe2 1/2-1/2